Регионална библиотека "Любен Каравелов" - Русе

Световната литература, разказана за деца и юноши (Запис номер 94005)

MARC детайли
000 -Лидер
Контролно поле с фиксирана дължина 02267nam a2200421 c 4500
003 - Код на организацията, давaща контролен номер
Контролно поле BLK
005 - Дата и час на последна редакция
Контролно поле 20180422104902.0
008 - Елементи от данни с фиксирана дължина
fixed length control field 180408b bul|||||r ||||||| ||bul||
010 ## - Наследен системен номер
LC control number KNG00098823000
020 ## - Международен стандартен номер на книга ISBN
Международен стандартен номер на книга ISBN 978-954-26-0918-6
-- издат.: Хермес - на том(кн. 2)
040 ## - Източник на каталожния запис
Идентификатор на билиотеката - собственик на записа BLK
041 ## - Код за език
Код за езика на текст/звукозапис или на отделно заглавие Български
Код за езика КДБФ Български
072 #7 - Код за тематичната категория
Код организация bullib
Код за тематична категория Н85
Текст Детска художествена литература Н
080 ## - УДК
Текстов определител УДК Литература на отделни езици и езикови семейства
УДК код - определител по УДК 821
УДК определител -93-91
УДК - код + определител 821-93-91
080 ## - УДК
Текстов определител УДК Литература на отделни езици и езикови семейства
УДК код - определител по УДК 821
УДК определител .09(075)
УДК - код + определител 821.09(075)
100 1# - Редна дума - Автор
Автор Янев, Владимир Атанасов
Авторска отговорност първи автор
R(LIN) 363589
139 ## - Редно поле
Редна дума Янев, Владимир Атанасов
Авторски знак Яне - Я 54
245 10 - Сведения за заглавието
Заглавие Световната литература, разказана за деца и юноши
Подзаглавни данни Кн. 1 - 2
Редно поле (дума) Владимир Атанасов Янев.
Том Кн. 2
Заглавие на том Средновековни литератури - европейска, арабска, персийско-таджикска, арменска, грузинска
250 ## - Област на изданието
Сведения за изданието 2. прераб. изд.
257 ## - Страна на издаване
Страна на създаване/издаване България
260 ## - Област на издателските данни
-- Пловдив
Година на издаване 2010
Печатница Хасково : Полиграфюг
300 ## - Физическа характеристика
Размери/Мащаб 24 см
380 ## - Жанр
Жанр Худож. лит.
500 ## - Общи забележки
Забележка Без сведение за 1. изд. ; 1. изд. 2006 на изд. Слово.
505 ## - Форматирана забележка
Подзаглавни данни
Авторската отговорност
Заглавие Западноевропейски Ренесанс
653 ## - Ключова дума – ненормативна
Ключова дума световна литература
653 ## - Ключова дума – ненормативна
Ключова дума учебни помагала
653 ## - Ключова дума – ненормативна
Ключова дума адаптирани книги
653 ## - Ключова дума – ненормативна
Ключова дума средновековна литература
653 ## - Ключова дума – ненормативна
Ключова дума Ренесанс
659 ## - Тематичен бюлетин
Тематичен бюлетин Н
760 1# - Описание на основната серия
-- - на том(кн. 2)
Редна дума на основното описание Янев, Владимир Атанасов
Издание 2. прераб. изд.
Място на издаване, издател и година Хермес, 2010
Страници - том 239 с.
Заглавие Кн. 2 Средновековни литератури - европейска, арабска, персийско-таджикска, арменска, грузинска
852 ## - Местоположение
Форматна сигнатура Цб 250410
856 4# - Електронен адрес и достъп
Електронен формат pdf - файл
Път до файла /url/
856 4# - Електронен адрес и достъп
Електронен формат pdf - файл
Път до файла /url/
942 ## - АРТИКУЛИ
Вид на библиотечния материал Книги
Скрит в OPAC Не
944 ## - СЪЗДАВАНЕ И РЕДАКЦИЯ на ЗАПИСА
Създаване/Редакция Създаване
Дата на регистрацията/редакция 16.12.2010
Статус, дата на статуса ф /
Служител, извършил регистрацията/редакцията Людмила_Стоянова
944 ## - СЪЗДАВАНЕ И РЕДАКЦИЯ на ЗАПИСА
Създаване/Редакция Редакция
Дата на регистрацията/редакция 20.12.2012
Статус, дата на статуса ф /
Служител, извършил регистрацията/редакцията
999 ## - СИСТЕМНИ КОНТРОЛНИ НОМЕРА
Koha biblionumber 94005
Koha biblioitemnumber 94005
Наличности
Код за отписване Код за изгубен артикул Източник на класификационната схема Код за повреда Коз за рестрикции Код за отдаване Артикулен № Име на библиотеката - собственик Име на библиотеката, в която се намира в момента Статус (Текущо местоположение) Дата на вписване в системата Местоположение - отдел Цена в лева Инвентарен номер Систематично азбучна сигнатура Баркод Номер на екземпляра Цена в евро Служебна бележка Служебен тип на артикула
  Не е изгубен Universal Decimal Classification Не е повреден без рестрикции заемане за дома 150977 Регионална библиотека "Любен Каравелов" Русе Регионална библиотека "Любен Каравелов" Русе Заемна - подръчен фонд 2010-12-16 Заемна - подръчен фонд 9.99 120000748389 П 821-9/Я 54 120000748389 1 5.11 Дост: DA Вид: А N: 25 Дата: 16.12.2010 Дата инв: 19.02.2018 Бележки инв: П2018 Книги
  Не е изгубен   Не е повреден без рестрикции заемане за дома 150978 Регионална библиотека "Любен Каравелов" Русе Регионална библиотека "Любен Каравелов" Русе Детски отдел 2010-12-16 Детски отдел 9.99 120000748390 ДХ 820/899/Я 54 120000748390 2 5.11 Дост: DA Вид: А N: 25 Дата: 16.12.2010 Дата инв: 14.08.2015 Бележки инв: Д2015 Книги
  Не е изгубен   Не е повреден без рестрикции ползва се в читалня 150979 Регионална библиотека "Любен Каравелов" Русе Регионална библиотека "Любен Каравелов" Русе Хранилище 2011-03-09 Хранилище 9.99 120000749538 Цб 250410 120000749538 3 5.11 Дост: Dp Вид: Д N: 25 Дата: 23.06.2010 Книги
  Не е изгубен   Не е повреден без рестрикции заемане за дома 150980 Регионална библиотека "Любен Каравелов" Русе Регионална библиотека "Любен Каравелов" Русе Детски отдел 2012-12-16 Детски отдел 9.99 120000762462 ДХ 820/899/Я 54 120000762462 4 5.11 Дост: Pk Вид: Ф N: 336 Дата: 10.12.2012 Дата инв: 14.08.2015 Бележки инв: Д2015 Книги
Vip Innovations Ltd, Rousse, Bulgaria 2025